000 00434nam a2200205Ia 4500
001 12788
003 GE_BSU
008 181216s||||||||xx |||||||||||||| ||und||
020 _a0553812769
040 _cGE_BSU
080 _a821.111-32
100 _aBingham,Charlotte.
245 _aSummertime.
260 _aLondon.
260 _bBantam Books.
260 _c2001
300 _a461p;18cm.
653 _aSummertime.
942 _cBK
999 _c45959
_d45959